Κατάλογος Βιβλιοθηκών Mediterranean College

Implementation of Strategic Planning (Record no. 3330)

MARC details
000 -LEADER
fixed length control field 02367cam a22002054a 4500
005 - ΗΜΕΡΟΜΗΝΙΑ ΚΑΙ ΩΡΑ ΤΕΛΕΥΤΑΙΑΣ ΕΝΗΜΕΡΩΣΗΣ
Πεδίο ελέγχου 20250605164112.0
008 - FIXED-LENGTH DATA ELEMENTS--GENERAL INFORMATION
Πεδίο ελέγχου σταθερού μήκους 250528s ||||||||||||||||||||||||d
035 ## - SYSTEM CONTROL NUMBER
System control number 17932
020 ## - ISBN
ISBN 134518152
040 ## - ΠΗΓΗ ΚΑΤΑΛΟΓΟΓΡΑΦΗΣΗΣ
Φορέας πρωτότυπης καταλογογράφησης MC Athens Campus Library
Γλώσσα καταλογογράφησης Ελληνικά, Μοντέρνα (1453-)
Modifying agency MC Athens Campus Library
Κανόνες περιγραφικής καταλογογράφησης AACR2
245 1# - ΤΙΤΛΟΣ ΚΑΙ ΔΗΛΩΣΗ ΥΠΕΥΘΥΝΟΤΗΤΑΣ
Τίτλος Implementation of Strategic Planning
260 ## - PUBLICATION, DISTRIBUTION, ETC.
Name of publisher, distributor, etc. Prentice Hall Inc,
Date of publication, distribution, etc. 1979
300 ## - PHYSICAL DESCRIPTION
Extent 236
505 0# - FORMATTED CONTENTS NOTE
Formatted contents note Preface, Introduction, The Task of Implementing Strategic Planning: An Overview and Introduction to the Book, Conceptual and Methodological Implementational Issues, Strategic Planning Systems from a System Science Point of View, Evaluating Your Strategic Planning System, Proposition for a Relational Conception of Strategic Planning: Adaptation to the Past and Integration of the Future, Strategic Resource Allocation Procedures, Effective Strategic Planning and the Role of Organization Design, Controlling Strategic Plans, Implementation in Situational Settings, Managing the Quality of Strategic Thinking, Introducing a Formal Strategic Planning System in a Business Firm, The Increased Relevance of Planning: A Case Study 1950-1980, On Acceptance of Strategic Planning Systems, Planning as a Vehicle for Strategic Redirection in a Matrix Structure, Conclusion, Where Do We Go from Here: Implementation Challenges for the 1980's, Indexes.
520 ## - SUMMARY, ETC.
Summary, etc. Preface, Introduction, The Task of Implementing Strategic Planning: An Overview and Introduction to the Book, Conceptual and Methodological Implementational Issues, Strategic Planning Systems from a System Science Point of View, Evaluating Your Strategic Planning System, Proposition for a Relational Conception of Strategic Planning: Adaptation to the Past and Integration of the Future, Strategic Resource Allocation Procedures, Effective Strategic Planning and the Role of Organization Design, Controlling Strategic Plans, Implementation in Situational Settings, Managing the Quality of Strategic Thinking, Introducing a Formal Strategic Planning System in a Business Firm, The Increased Relevance of Planning: A Case Study 1950-1980, On Acceptance of Strategic Planning Systems, Planning as a Vehicle for Strategic Redirection in a Matrix Structure, Conclusion, Where Do We Go from Here: Implementation Challenges for the 1980's, Indexes.
700 1# - ΠΡΟΣΘΕΤΗ ΑΝΑΓΡΑΦΗ--ΦΥΣΙΚΟ ΠΡΟΣΩΠΟ
Personal name Lorange Peter
9 (RLIN) 4231
942 ## - ADDED ENTRY ELEMENTS (KOHA)
Koha item type Books
Holdings
Τύπος τεκμηρίου Βιβλιοθήκη Τρέχουσα τοποθεσία Barcode Αριθμός εισαγωγής Ημερομηνία απόκτησης Ταξιθετικό σύμβολο Αριθμός αντιτύπου Κατάσταση απόσυρσης Κατάσταση χαμένου Κατάσταση κατεστραμμένου Μη δανεισμός Σύνολο δανεισμών Ημερομηνία τελευταίας εμφάνισης Η τιμή ισχύει από
Books MC Athens Campus Library MC Athens Campus Library 9780000033291 1703 05/06/2025 658.4/012 LOR 1           05/06/2025 05/06/2025

MC Athens Campus Library
Πατησίων 94 & Κοδριγκτώνος 13, 104 34
Πελλήνης 8 & Πατησίων 107, 112 51
Τ: +30 210 8899600

MC Thessaloniki Campus Library
Ίωνος Δραγούμη 21, 54625 | Ίωνος Δραγούμη 15, 54625
Τ: +30 2310 287779 – Τ: +30 2314 440300